[Event "Lindroth mem."]
[Site "Nassau BAH"]
[Date "2024.06.07"]
[Round "3.1"]
[White "Balakrishnan, Praveen"]
[Black "Panjwani, Raja"]
[Result "1/2-1/2"]
[WhiteElo "2510"]
[BlackElo "2452"]
[PlyCount "94"]
[EventDate "2024.06.06"]
[EventType "swiss"]
[EventRounds "9"]
[EventCountry "BAH"]

1. e4 d6 2. d4 Nf6 3. Nc3 g6 4. Be3 Bg7 5. Qd2 c6 6. h3 b5 7. a3 Nbd7 8. f4 Nb6
9. Nf3 a5 10. Bd3 O-O 11. O-O Nc4 12. Bxc4 bxc4 13. Qe1 Ne8 14. Rd1 f5 15. e5
Nc7 16. Bc1 Be6 17. Ng5 Bd5 18. Nxd5 cxd5 19. Bd2 h6 20. Nf3 Ne6 21. exd6 Qxd6
22. Bxa5 Nxf4 23. Bb4 Qb8 24. Ne5 Bxe5 25. Qxe5 g5 26. Rde1 Rf7 27. g3 Ng6 28.
Qxb8+ Rxb8 29. Re6 Kg7 30. Rfe1 Rb7 31. c3 f4 32. g4 f3 33. Kf1 Nf4 34. Rxe7
Nxh3 35. Rxb7 Rxb7 36. Re7+ Rxe7 37. Bxe7 Kf7 38. Bd6 Ke6 39. Be5 Kd7 40. Bg7
Kc6 41. Bxh6 Kb5 42. Bf8 Ka4 43. Be7 Kb3 44. Bb4 Ka4 45. Ke1 Kb3 46. Kf1 Ka4
47. Ke1 Kb3 1/2-1/2

[Event "Lindroth mem."]
[Site "Nassau BAH"]
[Date "2024.06.08"]
[Round "4.1"]
[White "Panjwani, Raja"]
[Black "Almeida Quintana, Omar"]
[Result "1/2-1/2"]
[WhiteElo "2452"]
[BlackElo "2518"]
[PlyCount "104"]
[EventDate "2024.06.06"]
[EventType "swiss"]
[EventRounds "9"]
[EventCountry "BAH"]

1. d4 Nf6 2. Nf3 g6 3. c4 d6 4. g3 Bg7 5. Bg2 O-O 6. Nc3 c6 7. e4 Qa5 8. O-O e5
9. h3 Nbd7 10. Be3 exd4 11. Nxd4 Ne5 12. Qe2 Re8 13. f4 Ned7 14. Rfd1 Qc7 15.
Qf2 a6 16. Nb3 c5 17. Rac1 Nb6 18. e5 dxe5 19. Bxc5 Nxc4 20. Nd5 Nxd5 21. Bxd5
exf4 22. Rxc4 fxg3 23. Qg2 Be6 24. Bd4 Bxd5 25. Rxc7 Bxg2 26. Kxg2 Rad8 27. Rc2
Re4 28. Rcd2 Bh6 29. Rd3 f5 30. Kxg3 Kf7 31. Bf2 Rxd3+ 32. Rxd3 Bg7 33. Rd7+
Re7 34. Rxe7+ Kxe7 35. Bd4 Bxd4 36. Nxd4 Kf6 37. Nf3 g5 38. h4 h6 39. h5 g4 40.
Nh4 Kg5 41. Ng2 Kxh5 42. Kf4 Kg6 43. Nh4+ Kf6 44. Nxf5 h5 45. Nd6 b6 46. Nc4 b5
47. Ne3 Ke6 48. b4 Kd6 49. Ke4 Ke6 50. Nf5 Kf6 51. Kf4 Ke6 52. Ke4 Kf6 1/2-1/2

[Event "Lindroth mem."]
[Site "Nassau BAH"]
[Date "2024.06.08"]
[Round "5.1"]
[White "Panjwani, Raja"]
[Black "Sevillano, Enrico"]
[Result "1-0"]
[WhiteElo "2452"]
[BlackElo "2323"]
[PlyCount "87"]
[EventDate "2024.06.06"]
[EventType "swiss"]
[EventRounds "9"]
[EventCountry "BAH"]

1. Nf3 Nf6 2. g3 g6 3. Bg2 Bg7 4. c4 c6 5. d4 O-O 6. Nc3 d5 7. cxd5 cxd5 8. Ne5
e6 9. O-O Nfd7 10. f4 Nc6 11. Be3 Ndxe5 12. fxe5 f6 13. exf6 Rxf6 14. Qd2 Bd7
15. Rfd1 Rf8 16. Kh1 Kh8 17. Bh6 Bxh6 18. Qxh6 Qf6 19. e4 Nxd4 20. exd5 Nf5 21.
Qd2 exd5 22. Nxd5 Qg7 23. Nf4 Rf7 24. Rac1 Re8 25. Bxb7 Rb8 26. Rc7 Rxb7 27.
Rxb7 Bc6+ 28. Kg1 Rxb7 29. Qd8+ Qg8 30. Qf6+ Ng7 31. Qxc6 Rxb2 32. Qf6 Rb8 33.
Rd7 Qf8 34. Qxf8+ Rxf8 35. Rxa7 g5 36. Nd5 Rd8 37. Nf6 Rf8 38. Ne4 h6 39. Ra6
Nf5 40. Rf6 Re8 41. Nxg5 Nxg3 42. Rxh6+ Kg7 43. Re6 Ne2+ 44. Kf1 1-0

[Event "Lindroth mem."]
[Site "Nassau BAH"]
[Date "2024.06.09"]
[Round "6.1"]
[White "Miranda Mesa, Elier"]
[Black "Panjwani, Raja"]
[Result "1/2-1/2"]
[WhiteElo "2511"]
[BlackElo "2452"]
[PlyCount "29"]
[EventDate "2024.06.06"]
[EventType "swiss"]
[EventRounds "9"]
[EventCountry "BAH"]

1. e4 d6 2. d4 Nf6 3. Nc3 g6 4. Be2 Bg7 5. h4 c5 6. d5 O-O 7. a4 e6 8. h5 exd5
9. exd5 Qa5 10. Bd2 Qd8 11. Bc1 Qa5 12. Bd2 Qd8 13. Bc1 Qa5 14. Bd2 Qd8 15. Bc1
1/2-1/2

[Event "Lindroth mem."]
[Site "Nassau BAH"]
[Date "2024.06.09"]
[Round "7.1"]
[White "Christie, Joshua"]
[Black "Panjwani, Raja"]
[Result "1/2-1/2"]
[WhiteElo "2272"]
[BlackElo "2452"]
[PlyCount "74"]
[EventDate "2024.06.06"]
[EventType "swiss"]
[EventRounds "9"]
[EventCountry "BAH"]

1. d4 f5 2. c4 Nf6 3. g3 e6 4. Bg2 Be7 5. Nf3 O-O 6. O-O d6 7. Nc3 Ne4 8. Qd3
Nxc3 9. Qxc3 a5 10. Qc2 Nc6 11. b3 e5 12. dxe5 dxe5 13. Bb2 Bf6 14. Rad1 Qe8
15. a3 Qh5 16. Rd5 Be6 17. Nxe5 Bxe5 18. Bxe5 Bxd5 19. Bxd5+ Kh8 20. Bxc7 Nd4
21. Qd3 Nxe2+ 22. Kg2 Rae8 23. f4 Nc1 24. Rxc1 Re2+ 25. Kf1 Rxh2 26. Rc2 Qh3+
27. Bg2 Rh1+ 28. Kf2 Qh2 29. Be5 Rg1 30. Kf3 Qh5+ 31. Kf2 Qh2 32. Kf3 Qh5+ 33.
Ke3 Qh2 34. Kf2 Qh5 35. Qd5 Rb1 36. Qxb7 Qh2 37. Kf3 Qg1 1/2-1/2

[Event "Lindroth mem."]
[Site "Nassau BAH"]
[Date "2024.06.10"]
[Round "8.3"]
[White "Panjwani, Raja"]
[Black "Harriott, Tyrell"]
[Result "1-0"]
[WhiteElo "2452"]
[BlackElo "1901"]
[PlyCount "83"]
[EventDate "2024.06.06"]
[EventType "swiss"]
[EventRounds "9"]
[EventCountry "BAH"]

1. c4 e6 2. g3 d5 3. Bg2 f5 4. Nf3 Nf6 5. O-O Bd6 6. Nc3 O-O 7. d3 c6 8. e4 Be7
9. cxd5 exd5 10. exd5 c5 11. Bf4 Nh5 12. Be5 Nd7 13. Nb5 Nxe5 14. Nxe5 Bf6 15.
f4 Qb6 16. a4 a6 17. Na3 g6 18. Nac4 Qd8 19. Qb3 Kh8 20. Nb6 Rb8 21. a5 Qe7 22.
Rae1 Qg7 23. Bf3 Bd8 24. d6 Nf6 25. Bd5 Bxb6 26. axb6 Bd7 27. Nf7+ Kg8 28. Ng5+
Kh8 29. Re7 Qh6 30. Qc3 Bc6 31. Bxc6 bxc6 32. Nf7+ Kg7 33. Nxh6+ Kxh6 34. d7
Rbd8 35. Qe5 a5 36. b7 a4 37. g4 Nxg4 38. Qg7+ Kh5 39. Qxh7+ Nh6 40. Rf3 Rh8
41. Rh3+ Kg4 42. Qxg6+ 1-0

[Event "Lindroth mem."]
[Site "Nassau BAH"]
[Date "2024.06.11"]
[Round "9.2"]
[White "Panjwani, Raja"]
[Black "Ivanov, Mike"]
[Result "1/2-1/2"]
[WhiteElo "2452"]
[BlackElo "2363"]
[PlyCount "62"]
[EventDate "2024.06.06"]
[EventType "swiss"]
[EventRounds "9"]
[EventCountry "BAH"]

1. Nf3 Nc6 2. d4 d5 3. c4 Bg4 4. cxd5 Bxf3 5. gxf3 Qxd5 6. e3 e5 7. Nc3 Bb4 8.
Bd2 Bxc3 9. bxc3 Qd6 10. Qb3 Nge7 11. Qxb7 Rb8 12. Qa6 O-O 13. Be2 Qf6 14. Rd1
Rfe8 15. Kf1 Qe6 16. h4 Rb2 17. Qc4 Qxc4 18. Bxc4 Na5 19. Bd3 Rxa2 20. dxe5
Nec6 21. c4 Nxe5 22. Bxa5 Nxd3 23. Rxd3 Rxa5 24. Kg2 Rc5 25. Ra1 Rxc4 26. Rxa7
Rc8 27. f4 Rc6 28. Kf3 Kf8 29. Ra5 Re6 30. Rc5 Ke7 31. e4 Rd6 1/2-1/2

[Event "1000GM Memorial Day"]
[Site "San Francisco USA"]
[Date "2024.05.23"]
[Round "1.5"]
[White "Panjwani, Raja"]
[Black "Rajesh, CS.."]
[Result "1-0"]
[WhiteElo "2461"]
[BlackElo "2226"]
[PlyCount "61"]
[EventDate "2024.05.23"]
[EventType "swiss"]
[EventRounds "9"]
[EventCountry "USA"]
[Source "ChessMix"]
[SourceDate "2024.06.10"]

1. Nf3 d5 2. g3 Nf6 3. Bg2 e6 4. O-O Be7 5. c4 O-O 6. d4 Nbd7 7. Qd3 b6 8. cxd5
exd5 9. Nc3 Bb7 10. Bf4 Ne4 11. Rac1 Nxc3 12. bxc3 c5 13. Qb1 Rc8 14. dxc5 Rxc5
15. Rfd1 Qc8 16. Bh3 Qe8 17. Be3 Ra5 18. Bd4 Nc5 19. Nd2 Qa4 20. Nb3 Nxb3 21.
axb3 Qc6 22. b4 Ra4 23. Bf5 g6 24. Bc2 Ba6 25. Bxa4 Qxa4 26. Qa1 Qb5 27. Rc2
Bd8 28. Re1 Re8 29. Ra2 Bc8 30. Rxa7 h5 31. Qa4 1-0

[Event "1000GM Memorial Day"]
[Site "San Francisco USA"]
[Date "2024.05.24"]
[Round "2.5"]
[White "Shivakumar, Shawnak"]
[Black "Panjwani, Raja"]
[Result "1-0"]
[WhiteElo "2317"]
[BlackElo "2461"]
[PlyCount "129"]
[EventDate "2024.05.23"]
[EventType "swiss"]
[EventRounds "9"]
[EventCountry "USA"]
[Source "ChessMix"]
[SourceDate "2024.06.10"]

1. d4 g6 2. Nf3 Bg7 3. g3 Nf6 4. Bg2 O-O 5. O-O d6 6. c4 Nbd7 7. Nc3 e5 8. e4
exd4 9. Nxd4 Re8 10. Be3 Nc5 11. f3 h5 12. h3 Bd7 13. Qd2 a6 14. Rad1 Qb8 15.
Kh1 b5 16. b4 Ne6 17. cxb5 Nxd4 18. Bxd4 axb5 19. Qb2 Be6 20. f4 Bc4 21. Rf2 c5
22. bxc5 dxc5 23. Bxf6 Bxf6 24. e5 Bg7 25. Bxa8 Qxa8+ 26. Kh2 f6 27. Nxb5 Rb8
28. exf6 Bxb5 29. Rb1 Bf8 30. f5 h4 31. f7+ Kxf7 32. fxg6+ Kg8 33. Qe5 Re8 34.
Qf4 hxg3+ 35. Kxg3 Bg7 36. Qf7+ Kh8 37. Rxb5 Re3+ 38. Rf3 Be5+ 39. Kf2 Rxf3+
40. Qxf3 Qxa2+ 41. Qe2 Bd4+ 42. Kf1 Qa1+ 43. Qe1 Qa6 44. Qe2 Qxg6 45. Rb8+ Kg7
46. Qe7+ Qf7+ 47. Qxf7+ Kxf7 48. Rb6 Bf6 49. Rc6 Bd4 50. Ke2 Kg7 51. Kf3 Kh7
52. Ke4 Kg7 53. Kf5 Kh7 54. Re6 Kg7 55. h4 Kh7 56. Kg5 Kg7 57. Re7+ Kf8 58. Rc7
Ke8 59. h5 Kd8 60. Ra7 Kc8 61. h6 Kb8 62. Re7 Kc8 63. h7 Kd8 64. Ra7 Be3+ 65.
Kf5 1-0

[Event "1000GM Memorial Day"]
[Site "San Francisco USA"]
[Date "2024.05.24"]
[Round "3.10"]
[White "Panjwani, Raja"]
[Black "Harish, Neeraj"]
[Result "1-0"]
[WhiteElo "2461"]
[BlackElo "2213"]
[PlyCount "131"]
[EventDate "2024.05.23"]
[EventType "swiss"]
[EventRounds "9"]
[EventCountry "USA"]
[Source "ChessMix"]
[SourceDate "2024.06.10"]

1. Nf3 Nf6 2. c4 g6 3. g3 Bg7 4. Bg2 O-O 5. O-O d5 6. cxd5 Nxd5 7. d4 Nb6 8.
Nc3 Nc6 9. d5 Na5 10. e4 c6 11. Bf4 Bxc3 12. bxc3 cxd5 13. exd5 Qxd5 14. Nd4
Qc5 15. Re1 Bd7 16. Re5 Qa3 17. Bc1 Qxc3 18. Bh6 Ba4 19. Qe1 Qxe1+ 20. Raxe1
Nac4 21. Rxe7 Rfe8 22. Bxb7 Rxe7 23. Rxe7 Re8 24. Rc7 Nd6 25. Bf3 Nb5 26. Nxb5
Bxb5 27. Be3 Nc4 28. Bd5 Ne5 29. Rxa7 Rd8 30. Ra8 Rxa8 31. Bxa8 Kf8 32. Bg5 Ke8
33. Bf6 Nc6 34. Bg5 Kd7 35. Bf4 Ke6 36. Kg2 Nb4 37. a3 Nc2 38. Bc1 Ne1+ 39. Kh3
h5 40. g4 hxg4+ 41. Kxg4 Nd3 42. Kh3 Ne1 43. Kg4 Nd3 44. Be3 Ne5+ 45. Kf4 f5
46. h4 Nf7 47. Bf3 Ba4 48. Bd4 Kd6 49. Bg7 Ke6 50. Be2 Nd6 51. f3 Kf7 52. Be5
Nb5 53. Bc4+ Ke7 54. Bb2 Nd6 55. Bd5 Nf7 56. Bc3 Bd7 57. Bb3 Bc6 58. a4 Nd8 59.
a5 Ne6+ 60. Ke5 Nc7 61. Bb4+ Kd7 62. f4 Bf3 63. Kf6 Bh5 64. Ba4+ Kc8 65. Bc6
Na6 66. Bd6 1-0

[Event "1000GM Memorial Day"]
[Site "San Francisco USA"]
[Date "2024.05.25"]
[Round "4.7"]
[White "Wang, Isaac"]
[Black "Panjwani, Raja"]
[Result "1/2-1/2"]
[WhiteElo "2336"]
[BlackElo "2461"]
[PlyCount "129"]
[EventDate "2024.05.23"]
[EventType "swiss"]
[EventRounds "9"]
[EventCountry "USA"]
[Source "ChessMix"]
[SourceDate "2024.06.10"]

1. d4 f5 2. c4 Nf6 3. Nc3 e6 4. a3 g6 5. Nf3 Bg7 6. g3 O-O 7. Bg2 Ne4 8. Qc2
Nxc3 9. Qxc3 d6 10. Qc2 e5 11. dxe5 dxe5 12. O-O e4 13. Rd1 Qe7 14. Bg5 Qf7 15.
Nd4 Re8 16. Rac1 h6 17. Be3 c6 18. b4 g5 19. Nb3 Nd7 20. Bd4 Ne5 21. a4 b6 22.
a5 Rb8 23. Bxe5 Bxe5 24. e3 Qf6 25. axb6 axb6 26. Rd2 Rb7 27. Nd4 Rd7 28. Rcd1
Red8 29. b5 c5 30. Nc6 Rxd2 31. Rxd2 Rxd2 32. Qxd2 Bc7 33. Bf1 Qd6 34. Qe2 g4
35. Qc2 h5 36. Qa2 Bb7 37. Qa7 Bxc6 38. bxc6 Qxc6 39. Qa6 Qd7 40. Qa8+ Kg7 41.
Qa1+ Kg6 42. Qh8 Qe6 43. Qb2 h4 44. Qd2 h3 45. Qd1 Be5 46. Qc2 Qd7 47. Be2 Qa7
48. Bf1 Qd7 49. Be2 Kf6 50. Bf1 Ke7 51. Qb1 Qd6 52. Qc2 Kd8 53. Qa4 Bc3 54.
Qa8+ Ke7 55. Qb7+ Kf6 56. Qc8 Kg6 57. Qe8+ Kh6 58. Qf7 Qf6 59. Qe8 Be1 60. Qg8
Qg7 61. Qe6+ Qg6 62. Qe7 Bc3 63. Qh4+ Kg7 64. Qe7+ Qf7 65. Qg5+ 1/2-1/2

[Event "1000GM Memorial Day"]
[Site "San Francisco USA"]
[Date "2024.05.25"]
[Round "5.8"]
[White "Panjwani, Raja"]
[Black "Nanugonda, Vishva"]
[Result "1-0"]
[WhiteElo "2461"]
[BlackElo "2063"]
[PlyCount "69"]
[EventDate "2024.05.23"]
[EventType "swiss"]
[EventRounds "9"]
[EventCountry "USA"]
[Source "ChessMix"]
[SourceDate "2024.06.10"]

1. Nf3 d5 2. g3 Nf6 3. Bg2 c5 4. O-O Nc6 5. d4 e6 6. b3 cxd4 7. Nxd4 Bc5 8.
Nxc6 bxc6 9. Bb2 O-O 10. Nd2 Qe7 11. c4 Ba3 12. Bxa3 Qxa3 13. Qc1 Qd6 14. e4
Ba6 15. Re1 Nd7 16. exd5 exd5 17. Qc3 d4 18. Qa5 Bb7 19. Ne4 Qe7 20. Qc7 Rab8
21. Nd6 Qd8 22. Qxd8 Rfxd8 23. Nxb7 Rxb7 24. Rad1 Nf6 25. Bxc6 Rc7 26. Bd5 Nxd5
27. Rxd4 Kf8 28. Red1 Rcd7 29. Rxd5 Rxd5 30. Rxd5 Rxd5 31. cxd5 Ke7 32. Kf1 Kd6
33. Ke2 Kxd5 34. Kd3 Kc5 35. Kc3 1-0

[Event "1000GM Memorial Day"]
[Site "San Francisco USA"]
[Date "2024.05.26"]
[Round "7.5"]
[White "Haldorsen, Benjamin"]
[Black "Panjwani, Raja"]
[Result "1-0"]
[WhiteElo "2419"]
[BlackElo "2461"]
[PlyCount "57"]
[EventDate "2024.05.23"]
[EventType "swiss"]
[EventRounds "9"]
[EventCountry "USA"]
[Source "ChessMix"]
[SourceDate "2024.06.10"]

1. c4 f5 2. e4 fxe4 3. d3 Nf6 4. g4 e5 5. g5 Bc5 6. Nc3 O-O 7. gxf6 Bxf2+ 8.
Kd2 e3+ 9. Kc2 Qxf6 10. Nd5 Qd6 11. Nh3 c6 12. Nxe3 Qd4 13. Ng4 Bh4 14. Rg1 Na6
15. Be3 Qd6 16. Nh6+ Kh8 17. Qg4 Bf6 18. Nf5 Qe6 19. Ng5 Bxg5 20. Qxg5 g6 21.
Ne7 d6 22. Qh4 Rf6 23. Nxc8 Nb4+ 24. Kd2 Rf3 25. Qd8+ Qg8 26. Qxg8+ Kxg8 27.
Nxd6 Rd8 28. a3 Rxe3 29. axb4 1-0

[Event "CAN-ch"]
[Site "Toronto CAN"]
[Date "2024.03.27"]
[Round "1.2"]
[White "Nicula, Marius"]
[Black "Panjwani, Raja"]
[Result "0-1"]
[WhiteElo "2173"]
[BlackElo "2468"]
[PlyCount "66"]
[EventDate "2024.03.27"]
[EventType "swiss"]
[EventRounds "10"]
[EventCountry "CAN"]

1. d4 Nf6 2. Nf3 g6 3. g3 Bg7 4. Bg2 O-O 5. O-O d6 6. b3 b5 7. Nbd2 Bb7 8. c4
bxc4 9. bxc4 a5 10. Rb1 Ra7 11. Qc2 Nc6 12. Ba3 Qa8 13. d5 Nb4 14. Bxb4 axb4
15. Rxb4 Ra6 16. Qb3 Rxa2 17. Qe3 Nd7 18. Rd1 Nc5 19. Rdb1 Re8 20. Ne4 Nxe4 21.
Qxe4 Ra1 22. Bf1 Rxb1 23. Qxb1 Bc8 24. Rb8 Qa4 25. Qb5 Bd7 26. Rxe8+ Bxe8 27.
Qb8 c5 28. Bh3 Bf8 29. Kg2 f5 30. Ng5 h6 31. Ne6 Qxc4 32. Nf4 Bf7 33. f3 g5 0-1

[Event "CAN-ch"]
[Site "Toronto CAN"]
[Date "2024.03.28"]
[Round "2.2"]
[White "Panjwani, Raja"]
[Black "Doknjas, Neil"]
[Result "1-0"]
[WhiteElo "2468"]
[BlackElo "2273"]
[PlyCount "111"]
[EventDate "2024.03.27"]
[EventType "swiss"]
[EventRounds "10"]
[EventCountry "CAN"]

1. Nf3 d5 2. d4 Nf6 3. c4 e6 4. g3 Be7 5. Bg2 O-O 6. O-O dxc4 7. Qc2 a6 8. a4
Bd7 9. Qxc4 Bc6 10. Bg5 Nbd7 11. Nc3 h6 12. Bxf6 Nxf6 13. Rfd1 Bd5 14. Qd3 Bxf3
15. Bxf3 c6 16. Nb1 Qd6 17. Na3 Rad8 18. Nc4 Qb4 19. Qc3 Nd5 20. Qxb4 Nxb4 21.
e3 b5 22. Ne5 Rc8 23. Rdc1 c5 24. Nd7 Rfd8 25. Nxc5 Bxc5 26. Rxc5 Rxc5 27. dxc5
Rc8 28. axb5 axb5 29. Rc1 Nd3 30. Rc3 Nxb2 31. Rb3 Na4 32. c6 Nb6 33. Rxb5 Nd5
34. Rc5 Kf8 35. e4 Nb4 36. e5 Nd3 37. Rb5 f6 38. exf6 gxf6 39. Bg2 Ne5 40. Rb6
Ke7 41. f4 Nf7 42. Rb7+ Ke8 43. Bf3 Nd8 44. Rh7 Kf8 45. Rh8+ Ke7 46. Kg2 f5 47.
Kh3 Kd6 48. Kh4 Rb8 49. Re8 Rc8 50. Kh5 Rb8 51. Kg6 Rc8 52. Kf6 Rb8 53. Re7 Rc8
54. Rd7+ Kc5 55. c7 Nc6 56. Bxc6 1-0

[Event "CAN-ch"]
[Site "Toronto CAN"]
[Date "2024.03.28"]
[Round "3.2"]
[White "Thavandiran, Shiyam"]
[Black "Panjwani, Raja"]
[Result "1-0"]
[WhiteElo "2347"]
[BlackElo "2468"]
[PlyCount "113"]
[EventDate "2024.03.27"]
[EventType "swiss"]
[EventRounds "10"]
[EventCountry "CAN"]

1. e4 c5 2. Nf3 Nc6 3. d4 cxd4 4. Nxd4 Nf6 5. Nc3 e5 6. Ndb5 d6 7. Nd5 Nxd5 8.
exd5 Nb8 9. c4 a6 10. Nc3 Be7 11. Be2 O-O 12. O-O Nd7 13. Kh1 f5 14. f4 Bf6 15.
Qc2 exf4 16. Bxf4 Be5 17. Qd2 Bxf4 18. Qxf4 Qf6 19. Rae1 Ne5 20. Qd4 Nd7 21.
Qe3 Ne5 22. Qb6 Qd8 23. Qd4 Qa5 24. a3 b6 25. b4 Qxa3 26. Ra1 Qxb4 27. Na4 Rb8
28. Rfb1 Qa5 29. Rxb6 Rxb6 30. Nxb6 Qb4 31. h3 f4 32. Nxc8 Rxc8 33. Qxf4 Qb2
34. Qf1 Rf8 35. Qe1 Nd7 36. Bg4 Nc5 37. Rd1 Qf6 38. Be6+ Kh8 39. Kg1 Qf4 40.
Bg4 Qxc4 41. Qe7 Qf4 42. Be2 h6 43. Bd3 Kg8 44. Bb1 a5 45. Qe2 a4 46. Qc2 Qe3+
47. Kh1 Rf6 48. Qh7+ Kf7 49. Bf5 a3 50. Rf1 Qg5 51. g4 Ne4 52. Be6+ Ke7 53. Re1
Nf2+ 54. Kg2 Qd2 55. Qxg7+ Ke8 56. Bd7+ Kd8 57. Qxf6+ 1-0

[Event "CAN-ch"]
[Site "Toronto CAN"]
[Date "2024.03.30"]
[Round "6.2"]
[White "Plotkin, Mark"]
[Black "Panjwani, Raja"]
[Result "1/2-1/2"]
[WhiteElo "2344"]
[BlackElo "2468"]
[PlyCount "41"]
[EventDate "2024.03.27"]
[EventType "swiss"]
[EventRounds "10"]
[EventCountry "CAN"]

1. e4 c5 2. Nf3 Nc6 3. c3 Nf6 4. e5 Nd5 5. d4 cxd4 6. Bc4 Nb6 7. Bb3 d5 8. exd6
Qxd6 9. O-O Be6 10. Na3 a6 11. Bxe6 Qxe6 12. Nxd4 Nxd4 13. Qxd4 Rd8 14. Qh4 f6
15. Be3 Nd5 16. Rfe1 Nxe3 17. Rxe3 Qxa2 18. Qa4+ b5 19. Rxa2 bxa4 20. Kf1 e5
21. Re4 1/2-1/2

[Event "CAN-ch"]
[Site "Toronto CAN"]
[Date "2024.03.31"]
[Round "7.2"]
[White "Panjwani, Raja"]
[Black "Rodrigue-Lemieux, Shawn"]
[Result "1/2-1/2"]
[WhiteElo "2468"]
[BlackElo "2506"]
[PlyCount "36"]
[EventDate "2024.03.27"]
[EventType "swiss"]
[EventRounds "10"]
[EventCountry "CAN"]

1. Nf3 d5 2. d4 Nf6 3. c4 e6 4. g3 Be7 5. Bg2 O-O 6. O-O dxc4 7. Qc2 a6 8. a4
Nc6 9. Qxc4 Na5 10. Qc2 b6 11. Ne5 Bb7 12. Bxb7 Nxb7 13. Nc6 Qe8 14. Bg5 h6 15.
Nxe7+ Qxe7 16. Bxf6 Qxf6 17. Qxc7 Na5 18. Qxb6 Nc4 1/2-1/2

[Event "CAN-ch"]
[Site "Toronto CAN"]
[Date "2024.04.01"]
[Round "9.3"]
[White "Panjwani, Raja"]
[Black "Sambuev, Bator"]
[Result "1/2-1/2"]
[WhiteElo "2468"]
[BlackElo "2462"]
[PlyCount "68"]
[EventDate "2024.03.27"]
[EventType "swiss"]
[EventRounds "10"]
[EventCountry "CAN"]

1. Nf3 g6 2. e4 c5 3. d4 cxd4 4. Nxd4 Bg7 5. c4 Nc6 6. Be3 Nf6 7. Nc3 Ng4 8.
Qxg4 Nxd4 9. Qd1 Ne6 10. Rc1 Qa5 11. Qd5 Bxc3+ 12. bxc3 Qc7 13. c5 Rf8 14. Bb5
Qa5 15. c6 Qc7 16. cxd7+ Bxd7 17. Bxd7+ Qxd7 18. Rb1 Qxd5 19. exd5 Nd8 20. Kd2
b6 21. Rhe1 Kd7 22. c4 e6 23. Kd3 Re8 24. Rec1 exd5 25. cxd5 Nb7 26. Rc6 Re5
27. Rbc1 Rxd5+ 28. Ke4 Rc5 29. R6xc5 bxc5 30. Bxc5 Re8+ 31. Kd3 Nxc5+ 32. Rxc5
Kd6 33. Ra5 Re7 34. Ra6+ Ke5 1/2-1/2

[Event "CAN-ch"]
[Site "Toronto CAN"]
[Date "2024.04.02"]
[Round "10.3"]
[White "Sai Krishna, GV."]
[Black "Panjwani, Raja"]
[Result "1/2-1/2"]
[WhiteElo "2404"]
[BlackElo "2468"]
[PlyCount "116"]
[EventDate "2024.03.27"]
[EventType "swiss"]
[EventRounds "10"]
[EventCountry "CAN"]

1. e4 c5 2. Nf3 g6 3. d4 cxd4 4. Nxd4 Nc6 5. Nc3 Bg7 6. Be3 Nf6 7. Bc4 Qa5 8.
O-O O-O 9. Bb3 d6 10. h3 Bd7 11. Re1 Rfe8 12. Qd2 Nxe4 13. Nxc6 Qxc3 14. bxc3
Nxd2 15. Nxe7+ Rxe7 16. Bxd2 Rxe1+ 17. Rxe1 Bc6 18. Rd1 a5 19. Bf4 Bxc3 20.
Bxd6 Rd8 21. Rd3 a4 22. Bc4 Ba5 23. Be5 b5 24. Rxd8+ Bxd8 25. Bd3 Be7 26. Kf1
b4 27. c3 bxc3 28. Bxc3 Bd5 29. Bb1 f5 30. f4 Bc5 31. g4 fxg4 32. hxg4 h5 33.
gxh5 gxh5 34. Be1 Kf7 35. Bf2 Bd6 36. Bg3 a3 37. Kg1 Bc5+ 38. Kh2 Be7 39. Kh3
Be6+ 40. Kh2 Bg4 41. Bc2 h4 42. Be1 Kg7 43. Bc3+ Kh6 44. Bb3 Bd6 45. Bd2 Bf5
46. Kg2 Kg6 47. Be1 Be7 48. Kh2 Kh5 49. Bd1+ Bg4 50. Bxg4+ Kxg4 51. Bd2 Bd6 52.
Kh1 Bxf4 53. Bb4 Bc1 54. Bxa3 Bxa3 55. Kg2 h3+ 56. Kh1 Kg3 57. Kg1 h2+ 58. Kh1
Kh3 1/2-1/2

[Event "Cappelle-la-Grande op"]
[Site "Cappelle-la-Grande FRA"]
[Date "2024.03.02"]
[Round "1.13"]
[White "Panjwani, Raja"]
[Black "Uhoda, Philippe"]
[Result "1-0"]
[WhiteElo "2468"]
[BlackElo "2058"]
[PlyCount "57"]
[EventDate "2024.03.02"]
[EventType "swiss"]
[EventRounds "9"]
[EventCountry "FRA"]
[Source "ChessMix"]
[SourceDate "2024.03.10"]

1. d4 Nf6 2. Nf3 g6 3. g3 Bg7 4. Bg2 d6 5. O-O O-O 6. Re1 c6 7. e4 a5 8. a4 Na6
9. c3 Bd7 10. Nbd2 Qc7 11. e5 dxe5 12. Nxe5 Be6 13. Ndf3 Rad8 14. Qe2 Nd7 15.
Bf4 Nxe5 16. Nxe5 Qc8 17. h4 Bd5 18. Bxd5 Rxd5 19. Nc4 Rf5 20. Bg5 f6 21. Bd2
Rh5 22. Qxe7 g5 23. Qe2 g4 24. Qe7 c5 25. d5 Rf7 26. Qxf7+ Kxf7 27. Nd6+ Kf8
28. Nxc8 Rxd5 29. Bf4 1-0